Právo životného prostredia
Salvato in:
| Autore principale: | |
|---|---|
| Altri autori: | , , , , , , , , , , , , , |
| Natura: | Libro |
| Lingua: | slovacco |
| Pubblicazione: |
Šamorín
Heuréka
2002
|
| Serie: | Edícia učebnice
|
| Soggetti: | |
| Tags: |
Nessun Tag, puoi essere il primo ad aggiungerne!!
|
MARC
| LEADER | 00000nam$a2200000$$$4500 | ||
|---|---|---|---|
| 001 | 0086629 | ||
| 005 | 20230222130427.2 | ||
| 020 | |a 80-968567-5-8 | ||
| 041 | 0 | |a slo | |
| 044 | |a SK | ||
| 245 | 1 | 0 | |a Právo životného prostredia |c Soňa Košičiarová a kolektív |
| 264 | 1 | |a Šamorín |b Heuréka |c 2002 | |
| 300 | |a 375 s. | ||
| 490 | 1 | |a Edícia učebnice | |
| 830 | 0 | |a Edícia učebnice | |
| 610 | 2 | 0 | |a právo |
| 610 | 2 | 0 | |a prostredie životné |
| 610 | 2 | 0 | |a ekológia |
| 610 | 2 | 0 | |a Európa |
| 610 | 2 | 0 | |a Slovensko |
| 610 | 2 | 0 | |a právo medzinárodné |
| 100 | 1 | |a Košičiarová, Soňa | |
| 700 | 1 | |a Damohorský, Milan | |
| 700 | 1 | |a Dudová, Jana | |
| 700 | 1 | |a Jančářová, I. | |
| 700 | 1 | |a Kozová, Mária | |
| 700 | 1 | |a Kružíková, Eva | |
| 700 | 1 | |a Kučerová, Erika | |
| 700 | 1 | |a Mezřický, Václav | |
| 700 | 1 | |a Patakyová, Mária | |
| 700 | 1 | |a Pekárek, Milan | |
| 700 | 1 | |a Pirč, Ján | |
| 700 | 1 | |a Průchová, Ivana | |
| 700 | 1 | |a Romančíková, Eva | |
| 700 | 1 | |a Svák, Ján | |
| 700 | 1 | |a Úradníček, Štefan | |